Research methodology and social science (Record no. 395536)

MARC details
000 -LEADER
fixed length control field 00469 a2200181 4500
005 - DATE & TIME
control field 20260414112437.0
008 - FIXED-LENGTH DATA ELEMENTS--GENERAL INFORMATION
fixed length control field 260413b |||||||| |||| 00| 0 eng d
020 ## - ISBN
International Standard Book Number 9781806960453
Price £ 130.00
040 ## - CATALOGING SOURCE
Original cataloging agency VIVEKANANDA LIBRARY
082 ## - DDC NUMBER
Classification number 300.72
Book Number K287R
100 ## - MAIN ENTRY--PERSONAL NAME
Personal name Kelley, Ben K
245 ## - TITLE STATEMENT
Title Research methodology and social science
260 ## - PUBLICATION, DISTRIBUTION, ETC. (IMPRINT)
Name of publisher, distributor, etc Radiant Pages
Date of publication, distribution, etc 2026
Place of publication, distribution, etc London
300 ## - PHYSICAL DESCRIPTION
Pages 280
650 ## - Subject
Subject Social Sciences
650 ## - Subject
Subject Research Methodology
942 ## - ADDED ENTRY ELEMENTS (KOHA)
Koha item type Books
Holdings
Withdrawn status Lost status Source of classification or shelving scheme Damaged status Not for loan Location (home branch) Sublocation or collection (holding branch) Shelving location Date acquired Koha issues (times borrowed) Koha full call number Accession No. Koha date last seen Koha item type
    Dewey Decimal Classification     VIVEKANANDA LIBRARY VIVEKANANDA LIBRARY IHTM Library 25/02/2026   300.72 K287R 425256 25/02/2026 Books
© Designed and Maintained by Vivekananda Library, MDU Rohtak